banner koha

Efeito da carbonização da madeira na estrutura anatômica e densidade do carvão vegetal de Eucalyptus (Registro n. 86484)

MARC details
000 -LÍDER
fixed length control field 03940nab a2200313 i 4500
003 - CÓDIGO MARC DA AGÊNCIA CATALOGADORA
Campo de controle BR-BrBNA
005 - DATA E HORA DA ÚLTIMA ATUALIZAÇÃO
Campo de controle 20231016093340.0
008 - CAMPO DE TAMANHO FIXO
fixed length control field 231016b2016 bl.qr|pooa||| 00| 0 por |
040 ## - FONTE DA CATALOGAÇÃO
Agência catalogadora BR-BrBNA
Idioma da catalogação por
072 ## - CATEGORIA AGRIS
Código AGRIS K50
Código do objeto 8905
100 ## - ENTRADA PRINCIPAL - NOME PESSOAL
Nome pessoal Pereira, Bárbara Luísa Corradi
100 ## - ENTRADA PRINCIPAL - NOME PESSOAL
Nome pessoal Carvalho, Ana Márcia Macedo Ladeira
100 ## - ENTRADA PRINCIPAL - NOME PESSOAL
Nome pessoal Oliveira, Aylson Costa
100 ## - ENTRADA PRINCIPAL - NOME PESSOAL
Nome pessoal Santos, Larissa Carvalho
100 ## - ENTRADA PRINCIPAL - NOME PESSOAL
Nome pessoal Carneiro, Angélica de Cássia Oliveira
100 ## - ENTRADA PRINCIPAL - NOME PESSOAL
Nome pessoal Magalhães, Mateus Alves de
245 ## - TÍTULO PRINCIPAL
Título principal Efeito da carbonização da madeira na estrutura anatômica e densidade do carvão vegetal de Eucalyptus
500 ## - NOTA GERAL
Nota geral Publicação on-line; 29 ref.; 1 table; 7 illus.; Summaries (En, Pt)
942 ## - ADDED ENTRY ELEMENTS (KOHA)
Koha item type
520 ## - NOTA DE RESUMO
Nota de conteúdo <br/><br/>RESUMO<br/>O presente trabalho objetivou avaliar as modificações anatômicas que ocorrem com a carbonização da<br/>madeira e determinar as propriedades anatômicas, densidade básica da madeira e densidade aparente do<br/>carvão vegetal de clones de Eucalyptus, além de elucidar as possíveis correlações significativas existentes.<br/>A microscopia eletrônica de varredura foi efetuada nas seções transversal, longitudinal tangencial e<br/>longitudinal radial da madeira e do carvão vegetal. Neste, foi feita a análise morfológica dos poros<br/>e densidade aparente. De uma forma geral, as características anatômicas como forma de poros, raios e<br/>fibras da madeira apresentaram pouca ou nenhuma modificação devido à carbonização, e a superfície do<br/>carvão apresentou estruturas bem definidas. As modificações nos elementos celulares da madeira foram<br/>principalmente referentes aos parâmetros quantitativos, como espessura da parede das fibras e diâmetro<br/>dos poros. Os clones avaliados apresentaram densidade básica da madeira satisfatória para a produção de<br/>carvão vegetal. Os parâmetros anatômicos correlacionaram-se significativamente com a densidade básica<br/>da madeira e densidade aparente do carvão vegetal, destacando-se, neste estudo, a fração parede das fibras.<br/><br/>Palavras-chave: microscopia eletrônica de varredura; anatomia da madeira; carbonização; alterações<br/>microscópicas.
520 ## - NOTA DE RESUMO
Nota de conteúdo <br/><br/>ABSTRACT<br/>This study aimed to evaluate the anatomical changes that occur with charred wood and determine the<br/>anatomical properties, basic wood density and apparent density of charcoal Eucalyptus clones, besides<br/>elucidating the possible existing significant correlations. The scanning electron microscopy was performed<br/>in the transverse, longitudinal and tangential longitudinal and radial wood charcoal sections. In the<br/>morphological analysis of the pores and the apparent density was made. In general, the anatomical features<br/>such as pore radius and the wood fibers showed little or no change due to carbonization of coal surface<br/>and showed well defined structures. The changes in cellular elements of wood were mainly related to the<br/>quantitative parameters such as wall thickness and pore diameter fibers. The clones showed satisfactory<br/>basic density of wood for charcoal production. The anatomical parameters were significantly correlated<br/>with basic wood density and apparent density of charcoal, especially, in this study, the fraction of the fiber<br/>wall.<br/><br/>Keywords: scanning electron microscopy; wood anatomy; carbonization; microscopic changes.
650 ## - ASSUNTO - THESAGRO
Cabeçalho tópico ou nome geográfico ANATOMIA
650 ## - ASSUNTO - THESAGRO
Cabeçalho tópico ou nome geográfico MADEIRA
650 ## - ASSUNTO - THESAGRO
Cabeçalho tópico ou nome geográfico CARBONIZAÇÃO
650 ## - ASSUNTO - THESAGRO
Cabeçalho tópico ou nome geográfico MICROSCOPIA ELETRÔNICA
773 0# - ENTRADA ANALÍTICA
Host Biblionumber 4065
Registro do item 102038
Imprenta Santa Maria-RS Universidade Federal de Santa Maria - Centro de Pesquisas Florestais.Departamento de Ciências Florestais. Programa de Pós-Graduação em Engenharia Florestal 1991
Outro identificador 2023-436444
Título Ciência Florestal (Brazil)
ISSN 0103-9954; 1980-5098 (on-line)
Colação v. 26(2) p. 545-557; (Apr-Jun 2016)
Número de controle de registro BR2023001197
856 ## - ACESSO E ENDEREÇO ELETRÔNICO
Identificador uniforme de recurso - URI https://www.scielo.br/j/cflo/a/zHBZmcCFdkbkpWg8qT9n5Cn/?format=pdf&lang=pt

Nenhum exemplar disponível.

BINAGRI

Telefone: (61)3218-2567/2388/3357/2097 - binagri@agro.gov.br

Ministério da Agricultura e Pecuária , Esplanada dos Ministérios, Bloco D, Anexo B, Brasília/DF, CEP: 70.043-900